Vista normal
Vista MARC
Entrada Personal Name
Número de registros utilizados en: 1
001 - CONTROL NUMBER
- control field: 62388
003 - CONTROL NUMBER IDENTIFIER
- control field: OSt
005 - DATE AND TIME OF LATEST TRANSACTION
- control field: 20250814225530.0
008 - FIXED-LENGTH DATA ELEMENTS
- fixed length control field: 250814|| aca||aabn | a|a d
040 ## - CATALOGING SOURCE
- Original cataloging agency: OSt
- Transcribing agency: OSt
100 ## - HEADING--PERSONAL NAME
- Personal name: Cortés-Cros, Mariola
670 ## - SOURCE DATA FOUND
- Source citation: Work cat.: (OSt)58074: Mora, Oge, autor, ilustrador 893, Sábado /